000 00338nam a2200133Ia 4500
008 100328s9999 xx 000 0 und d
082 _b45980
100 _aटिकेकर अरुण
245 _aजन-मन
260 _bश्रीविद्या
630 _aजन-मन
730 _aजन-मन
942 _cBOOK
999 _c534028
_d534025